Statistics for Countries Closest to St Lucia

Click here to take the quiz!

General Stats

  • This quiz has been taken 564 times
  • The average score is 17 of 20

Answer Stats

kmcountrymiles% Correct
145Barbados90
92%
1554Cuba965
91%
129Dominica80
91%
1676Jamaica1041
91%
942Haiti585
90%
375St Kitts233
90%
42St Vincent
and the Grenadines
26
90%
930Dominican Republic578
89%
673Venezuela418
89%
1105Colombia686
88%
585Guyana364
88%
961Suriname597
88%
267Trinidad and Tobago166
88%
1503Bahamas934
87%
942Brazil585
87%
333Antigua and Barbuda207
86%
141Grenada88
86%
965Aruba600
65%
854Curaçao530
59%
488Sint Maarten303
50%

Score Distribution

Percentile by Number Answered

Percent of People with Each Score

Your Score History

You have not taken this quiz